Welcome to CU Library Online Public Access Catalogue (OPAC)

Sports injuries : (Record no. 4047)

MARC details
000 -LEADER
fixed length control field 00840cam a2200253 a 4500
001 - CONTROL NUMBER
control field 480610
005 - DATE AND TIME OF LATEST TRANSACTION
control field 20250221131912.0
008 - FIXED-LENGTH DATA ELEMENTS--GENERAL INFORMATION
fixed length control field 841029s1986 ilua b 001 0 eng c
020 ## - INTERNATIONAL STANDARD BOOK NUMBER
International Standard Book Number 081516677X
041 1# - LANGUAGE CODE
Language code of text/sound track or separate title engswe
050 00 - LIBRARY OF CONGRESS CALL NUMBER
Classification number RD97
Item number .P4813 1986
082 00 - DEWEY DECIMAL CLASSIFICATION NUMBER
Classification number 617/.1027
Edition information 19
100 1# - MAIN ENTRY--PERSONAL NAME
Personal name Peterson, Lars.
245 10 - TITLE STATEMENT
Title Sports injuries :
Remainder of title their prevention and treatment /
Statement of responsibility, etc. Lars Peterson and Per Renström ; North American editor, William A. Grana ; foreword by Robert J. Johnson.
260 ## - PUBLICATION, DISTRIBUTION, ETC.
Place of publication, distribution, etc. Chicago :
Name of publisher, distributor, etc. Year Book Medical Publishers,
Date of publication, distribution, etc. 1986.
300 ## - PHYSICAL DESCRIPTION
Extent 488 p. :
Other physical details ill. (some col.) ;
Dimensions 24 cm.
500 ## - GENERAL NOTE
General note Translation of: Skador inom idrotten.
500 ## - GENERAL NOTE
General note Includes index.
650 #0 - SUBJECT ADDED ENTRY--TOPICAL TERM
Topical term or geographic name entry element Sports injuries.
650 #2 - SUBJECT ADDED ENTRY--TOPICAL TERM
Topical term or geographic name entry element Athletic Injuries.
700 1# - ADDED ENTRY--PERSONAL NAME
Personal name Renström, Per.
700 1# - ADDED ENTRY--PERSONAL NAME
Personal name Grana, William A.
942 ## - ADDED ENTRY ELEMENTS (KOHA)
Source of classification or shelving scheme Library of Congress Classification
Koha item type Books
Suppress in OPAC No
999 ## -
-- 4047
-- 4047
Holdings
Withdrawn status Lost status Source of classification or shelving scheme Damaged status Not for loan Collection Home library Current library Shelving location Date acquired Total checkouts Full call number Barcode Date last seen Copy number Price effective from Koha item type
    Library of Congress Classification     Non-fiction Science Library (Miotso) Science Library (Miotso) General stacks 02/21/2025   RD97 .P4813 PET SLM00003498 02/21/2025 1 02/21/2025 Books
© 2023-2024 Copyright: Central University Libraries. All Rights Reserved | Created by: Mahone Tech Office